[Event "BIH-chT1A 22nd"]
[Site "Tuzla"]
[Date "2015.10.16"]
[Round "1.3"]
[White "Rahmanovic, Mesan"]
[Black "Redzepi, Mehmedalija"]
[Result "0-1"]
[WhiteElo "1948"]
[BlackElo "1909"]
[PlyCount "106"]
[EventDate "2015.10.16"]
[EventType "tourn"]
[EventRounds "9"]
[EventCountry "BIH"]
[SourceTitle "CBM 169 Extra"]
[Source "ChessBase"]
[SourceDate "2015.12.18"]
[SourceVersion "1"]
[SourceVersionDate "2015.12.18"]
[SourceQuality "1"]

1. e4 e6 2. d4 d5 3. exd5 exd5 4. Bd3 Bd6 5. Ne2 Nf6 6. Bg5 Be6 7. Nd2 Nbd7 8. c3 c6 9. Qc2 Qc7 10. h3 h6 11. Bxf6 Nxf6 12. Nf3 g5 13. Bf5 Qd7 14. Bxe6 Qxe6 15. 0-0-0 Qe4 16. Rde1 0-0 17. Ng3 Qxc2+ 18. Kxc2 Bxg3 19. fxg3 Ne4 20. g4 f6 21. Nd2 Ng3 22. Rhg1 Rae8 23. Kd3 Kg7 24. a4 Kg6 25. Nf3 Re4 26. Nd2 Ree8 27. b4 h5 28. b5 hxg4 29. hxg4 Kf7 30. Nf3 Re4 31. Re3 Rxe3+ 32. Kxe3 Re8+ 33. Kd3 Ne2 34. Rf1 Nf4+ 35. Kc2 Re2+ 36. Kb3 Rxg2 37. bxc6 bxc6 38. Kb4 Ke6 39. Rh1 Rxg4 40. Rh6 Rg3 41. Nd2 Nd3+ 42. Kb3 Nc1+ 43. Kb2 Ne2 44. Nb1 g4 45. Rh7 a5 46. Ra7 Rg2 47. Rxa5 Nxd4+ 48. Ka3 Nc2+ 49. Kb2 Ne3+ 50. Kb3 Nc4 51. Kb4 Rb2+ 52. Kc5 Nxa5 53. Na3 Rb3 0-1